000 00986nam a2200265Ia 4500
003 OSt
005 20221005104214.0
006 a|||||r|||| 00| 0
007 ta
008 221004b |||||||| |||| 00| 0 hin d
020 _a9788181350961 (hbk)
_c350
024 _a25460
037 _b2340, 19/03/2016, Success Book Service
_cTextual
040 _aCRL
_cCRL
_bhin
041 _2hin
_ahin
082 _aO152,8N40:g, Q5
100 _aयादव, ललिता
245 0 _aनरेन्द्र कोहली की व्यंग्य
_b दशा और दिशा
246 _aNarendra kohalī kī vyangya: dashā aur dishā
260 _aदिल्ली
_bपंकज बुक्स भारत
_c2015
300 _a143पृ0
_ccm.
650 _aहिन्दी साहित्य
942 _hO152,8N40:g, Q5
_cTEXL
_2cc
999 _c1012025
_d1012025